Aku cinta dia (Record no. 105183)

MARC details
000 -LEADER
fixed length control field 00671nam a2200253 i 4500
001 - CONTROL NUMBER
control field C2-0301393
003 - CONTROL NUMBER IDENTIFIER
control field PPAK
005 - DATE AND TIME OF LATEST TRANSACTION
control field 20180728082714.0
008 - FIXED-LENGTH DATA ELEMENTS--GENERAL INFORMATION
fixed length control field 091209s2009 my |||| ||||| | may d
020 ## - INTERNATIONAL STANDARD BOOK NUMBER
International Standard Book Number 9789831244593
040 ## - CATALOGING SOURCE
Original cataloging agency PPAK
Language of cataloging eng
Transcribing agency PPAK
Description conventions rda
082 04 - DEWEY DECIMAL CLASSIFICATION NUMBER
Classification number 899.233
Edition number 23
090 00 - LOCALLY ASSIGNED LC-TYPE CALL NUMBER (OCLC); LOCAL CALL NUMBER (RLIN)
Classification number (OCLC) (R) ; Classification number, CALL (RLIN) (NR) 899.233
Feature heading SHA
Feature heading G
100 0# - MAIN ENTRY--PERSONAL NAME
Personal name Sharifah Abu Salem,
Relator term author
245 10 - TITLE STATEMENT
Title Aku cinta dia
264 #1 - PRODUCTION, PUBLICATION, DISTRIBUTION, MANUFACTURE, AND COPYRIGHT NOTICE
Place of production, publication, distribution, manufacture Shah Alam, Selangor :
Name of producer, publisher, distributor, manufacturer Alaf 21 ,
Date of production, publication, distribution, manufacture, or copyright notice 2009
300 ## - PHYSICAL DESCRIPTION
Extent 499 pages ;
Dimensions 19 cm
336 ## - CONTENT TYPE
Source rdacontent
Content type term text
337 ## - MEDIA TYPE
Source rdamedia
Media type term unmediated
338 ## - CARRIER TYPE
Source rdacarrier
Carrier type term volume
650 10 - SUBJECT ADDED ENTRY--TOPICAL TERM
Topical term or geographic name entry element Malay fiction.
700 0# - ADDED ENTRY--PERSONAL NAME
Personal name Rubiah Aksah,
Relator term editor
942 ## - ADDED ENTRY ELEMENTS (KOHA)
-- dc
Koha item type Book
Holdings
Withdrawn Not for loan Current library Shelving location Date acquired Total Checkouts Total Renewals Full call number Barcode Date last seen Date last checked out Koha item type
    Perpustakaan Alor Setar Pinjaman Dewasa 02/03/2016 5 2 899.233 SHA A00878004 14/03/2026 02/02/2026 Book
    Perpustakaan Awam Sungai Petani Pinjaman Dewasa 03/10/2016 7 2 899.233 SHA A00879369 11/10/2025 02/09/2025 Book
    PD31, Kg. Gelam, Bedong Pinjaman Dewasa 24/12/2009     899.233 SHA A01323458 09/05/2018   Book
    PD33, Kg. Belau, Merbok Pinjaman Dewasa 24/12/2009     899.233 SHA A01323460 09/05/2018   Book
    T-PD32, Kg. Thye Eng, Bedong Pinjaman Dewasa 24/12/2009     899.233 SHA A01323459 09/05/2018   Book